| 000 | 006740000a22002170004500 | ||
|---|---|---|---|
| 003 | LK-CoMWRAF | ||
| 005 | 20230828103918.0 | ||
| 008 | 230817t1995 ||||| |||| 00| 0 eng d | ||
| 020 | _a8185107955 | ||
| 040 |
_aLK-CoMWRAF _dLK-CoMWRAF _eLK-CoMWRAF |
||
| 041 | _aeng | ||
| 082 |
_a305.42 _bCHA |
||
| 245 |
_aThe Challenge of Local Feminisms: _bWomen's Movements in Global Perspective |
||
| 260 |
_aBoulder: _bWestview Press, _c1995 |
||
| 300 |
_axiv, 493 p. : ill. ; 24 cm. _bIndex included |
||
| 650 | _aFEMINISM-Cross-cultural studies | ||
| 650 | _aFeminism-Developing countries | ||
| 700 |
_aBasu, Amrita _eed. |
||
| 700 |
_aMcGrory, Elizabeth C. _eed. |
||
| 942 | _cBK | ||
| 999 |
_c3166 _d3166 |
||